Franek vyradený MR v boxe v Olomouci

Podrobná bibliografia
Hlavný autor: Považan, Igor (Autor)
Médium: Článok
Jazyk:slovenčina
Predmet:

MARC

LEADER 00000nab a2200000 a 4500
001 vtls000154564
003 SK-MaSNL
005 20260302202358.0
008 160201c1983 xo 0 slo
015 |a SNBRB19rr/mm-uuuuu 
035 |a CL0164671 
040 |a SNKBUCL  |b slo  |c SNKBUCL  |e AACR2 
041 0 |a slo 
044 |a xo  |c SK 
080 |a 796.83.093.1(437)  |2 1981 
100 1 |a Považan, Igor  |4 aut  |9 7631 
245 1 0 |a Franek vyradený  |b MR v boxe v Olomouci  |c Igor Považan 
650 0 7 |a box  |2 snkbucl  |9 3272 
651 7 |a 3805  |2 snkbucl  |9 499191 
655 7 |a články z novín a časopisov  |2 snkbucl  |9 267496 
773 0 |t Šport  |g Roč. 37, č. 148 (25. 6. 1983), s. 6 
850 |a Slovenská národná knižnica v Martine  |a MTA001 
852 |a SNK  |b KIS3GCP 
958 |a RK 
958 |a CZ 
992 |a RBX 
999 |c 1464605  |d 1466535